Prep course for the young beginner : (Record no. 103568)
[ view plain ]
| 000 -LEADER | |
|---|---|
| fixed length control field | 00527nam a2200157 a 4500 |
| 005 - DATE AND TIME OF LATEST TRANSACTION | |
| control field | 20140412111304.0 |
| 008 - FIXED-LENGTH DATA ELEMENTS--GENERAL INFORMATION | |
| fixed length control field | 010727s19uu xx 00 eng d |
| 050 ## - LIBRARY OF CONGRESS CALL NUMBER | |
| Classification number | M 786.2 |
| Item number | P182 1992 |
| 100 ## - MAIN ENTRY--PERSONAL NAME | |
| Personal name | Palmer, Willar A. |
| 245 ## - TITLE STATEMENT | |
| Title | Prep course for the young beginner : |
| Remainder of title | theory book - level F / |
| Statement of responsibility, etc | Willard A. Palmer ; Morton Manus ; Amanda Vick Lethco. |
| 260 ## - PUBLICATION, DISTRIBUTION, ETC. (IMPRINT) | |
| Place of publication, distribution, etc | U.S.A : |
| Name of publisher, distributor, etc | Alfred Publishing Co., Inc, |
| Date of publication, distribution, etc | 1992. |
| 300 ## - PHYSICAL DESCRIPTION | |
| Extent | 32p. ; ill. |
| 440 ## - SERIES STATEMENT/ADDED ENTRY--TITLE | |
| Title | Alfred's Basic Piano Library |
| 650 ## - SUBJECT ADDED ENTRY--TOPICAL TERM | |
| Topical term or geographic name as entry element | Piano lessons |
| Withdrawn status | Lost status | Damaged status | Use restrictions | Home library | Current library | Shelving location | Date acquired | Source of acquisition | Total Checkouts | Full call number | Barcode | Date last seen | Price effective from | Koha item type |
|---|---|---|---|---|---|---|---|---|---|---|---|---|---|---|
| Elizalde Library | Elizalde Library | Main Section | 07/27/2001 | M 786.2 P182 1992 | E5299 | 04/12/2014 | 04/12/2014 | Books |